[Event "Lansing (MI Am/2/13)"]
[Site "?"]
[Date "1990.??.??"]
[Round "?"]
[White "Skidmore, Mike"]
[Black "Ruark, D."]
[Result "1-0"]
[WhiteElo "1900"]
[BlackElo "1685"]
[PlyCount "51"]
[EventDate "1990.??.??"]

{2/(13)} 1. e4 c5 2. Nf3 Nc6 3. Bb5 a6 4. Bxc6 bxc6 5. c3 e6 6. O-O Be7 7. e5
d6 8. d4 cxd4 9. exd6 dxc3 10. Qa4 Qxd6 11. Nxc3 Nf6 12. Bf4 Qc5 13. Rad1 Bd7
14. Be3 Qb4 15. Qc2 Nd5 16. Bd4 O-O 17. Ne5 Be8 18. a3 Qb7 19. Rd3 f6 20. Rh3
g6 21. Ng4 e5 22. Be3 Nxe3 23. Nxe3 Bd7 24. Rg3 Rf7 25. Nc4 Bf5 26. Qxf5 1-0

[Event "Detroit (MI Op/7/15)"]
[Site "?"]
[Date "1990.??.??"]
[Round "?"]
[White "Skidmore, Mike"]
[Black "Rogers, Bradley"]
[Result "0-1"]
[WhiteElo "1955"]
[BlackElo "2160"]
[PlyCount "90"]
[EventDate "1990.??.??"]

{7/(15)} 1. e4 e6 2. Nf3 d5 3. exd5 exd5 4. c3 Bd6 5. d4 Ne7 6. Bd3 Bf5 7. Bg5
f6 8. Be3 O-O 9. Bxf5 Nxf5 10. Qb3 Ne7 11. Qxb7 Nbc6 12. Qa6 Rb8 13. b3 Qd7 14.
O-O f5 15. Bg5 Ng6 16. Qd3 h6 17. Bd2 Rf6 18. c4 Nce7 19. g3 c6 20. Re1 f4 21.
Ne5 Bxe5 22. dxe5 Rf5 23. g4 Rxe5 24. f3 Rxe1+ 25. Bxe1 Qe6 26. Bf2 Ne5 27. Qe2
Qf6 28. Nc3 Nxg4 29. fxg4 Qxc3 30. Re1 Rb7 31. Qe6+ Kh7 32. Bc5 Qc2 33. Bxe7
Rxe7 34. Qxe7 f3 35. Re2 fxe2 36. Kf2 Qxa2 37. cxd5 cxd5 38. Qe3 Qc2 39. b4 Qd1
40. Qxe2 Qxe2+ 41. Kxe2 Kg6 42. Kd3 Kf6 43. Kd4 Ke6 44. b5 g5 45. Kc5 Ke5 0-1

[Event "Detroit (RVO/1)"]
[Site "?"]
[Date "1990.??.??"]
[Round "?"]
[White "Skidmore, Mike"]
[Black "Nikitin, Mike"]
[Result "1-0"]
[WhiteElo "1915"]
[BlackElo "1610"]
[PlyCount "53"]
[EventDate "1990.??.??"]

1. e4 e6 2. d4 d5 3. exd5 exd5 4. Bd3 Nf6 5. Nf3 Nc6 6. O-O Bg4 7. c3 Qd6 8.
Nbd2 O-O-O 9. b4 Re8 10. Qa4 Kb8 11. b5 Nd8 12. Ne5 Bd7 13. Ndf3 h6 14. Bf4 Qb6
15. Rfe1 Bd6 16. Rab1 Be6 17. Nc6+ Ka8 18. Bxd6 cxd6 19. Nb4 Ne4 20. Bxe4 dxe4
21. Rxe4 Bc4 22. Rxe8 Rxe8 23. Nc2 d5 24. Ne5 Be2 25. Ne3 Qd6 26. b6 a6 27.
Qxe8 1-0

[Event "Detroit (MI Op/3/39)"]
[Site "?"]
[Date "1990.??.??"]
[Round "?"]
[White "Skidmore, Mike"]
[Black "Kornhauser, M."]
[Result "1-0"]
[WhiteElo "1955"]
[BlackElo "1825"]
[PlyCount "99"]
[EventDate "1990.??.??"]

{3/(39)} 1. e4 g6 2. Nf3 Bg7 3. d4 d6 4. c3 Nf6 5. Nbd2 O-O 6. Be2 e5 7. O-O
Nc6 8. d5 Ne7 9. Re1 Ne8 10. Nf1 f5 11. exf5 gxf5 12. Bg5 h6 13. Bh4 Bf6 14.
Qd2 Kh7 15. Bxf6 Nxf6 16. c4 Rg8 17. Qc2 Qf8 18. Ng3 Kh8 19. Bf1 Bd7 20. Re2
Qg7 21. Rae1 Raf8 22. Nd4 f4 23. Ne4 Nf5 24. Nxf5 Bxf5 25. f3 h5 26. Rf2 Qh7
27. Bd3 h4 28. h3 Nh5 29. Kh2 Ng3 30. b4 Qg6 31. a4 Rg7 32. c5 Bxe4 33. Bxe4
Qf7 34. Rd1 a6 35. b5 axb5 36. axb5 Ra8 37. b6 cxb6 38. cxd6 Qd7 39. Qc7 Qxc7
40. dxc7 Rxc7 41. d6 Rd7 42. Rc2 Rad8 43. Rc7 Rxd6 44. Rdc1 Nxe4 45. fxe4 R8d7
46. Kg1 Kg7 47. Kf2 Kf6 48. Kf3 Kg5 49. Rc8 Rg7 50. Rf8 $138 1-0

[Event "Detroit (MI Op/1b/15)"]
[Site "?"]
[Date "1990.??.??"]
[Round "?"]
[White "Skidmore, Mike"]
[Black "Imai, Toshio"]
[Result "0-1"]
[WhiteElo "1955"]
[BlackElo "1810"]
[PlyCount "54"]
[EventDate "1990.??.??"]

1. e4 e5 2. Nf3 Nc6 3. Bb5 Bc5 4. c3 f5 5. exf5 e4 6. Bxc6 bxc6 7. Ne5 Nf6 8.
O-O Qe7 9. d4 O-O 10. Re1 Bb6 11. Nd2 d6 12. Nxc6 Qe8 13. Nb4 Bxf5 14. Nc4 d5
15. Nxb6 axb6 16. Nd3 Nd7 17. f3 Qf7 18. Nf2 Nf6 19. Bg5 Rae8 20. Bxf6 Qxf6 21.
Re3 Qg5 22. Qe2 exf3 23. Qxf3 Qxe3 24. Qxd5+ Kh8 25. Qc4 Bd3 26. Qxd3 Qxf2+ 27.
Kh1 Qe1+ 0-1

[Event "Detroit (MI Op/5/28)"]
[Site "?"]
[Date "1990.??.??"]
[Round "?"]
[White "Skidmore, Mike"]
[Black "Croel, Duane"]
[Result "1-0"]
[WhiteElo "1955"]
[BlackElo "1830"]
[PlyCount "143"]
[EventDate "1990.??.??"]

{5/(28)} 1. e4 c5 2. Nf3 d6 3. Bb5+ Nc6 4. O-O Bd7 5. c3 g6 6. Re1 Bg7 7. d4
cxd4 8. cxd4 Qc7 9. Nc3 Nf6 10. Bg5 O-O 11. Bxf6 Bxf6 12. Nd5 Qd8 13. Nxf6+
exf6 14. Bxc6 bxc6 15. h3 f5 16. e5 d5 17. Qd2 Kg7 18. Qf4 Re8 19. b4 Qe7 20.
a3 a5 21. Qd2 axb4 22. axb4 Reb8 23. Ra5 Rxa5 24. bxa5 Qa3 25. Qg5 Qxa5 26.
Qf6+ Kg8 27. Qd6 Qd8 28. Ra1 Be8 29. Qc5 Rb5 30. Qa7 Qb8 31. Qe7 Rb7 32. Qf6
Qc7 33. Ra8 Rb8 34. Rxb8 Qxb8 35. e6 Qb1+ 36. Kh2 Qe4 37. exf7+ Bxf7 38. Qxc6
Qe6 39. Qc7 Kf8 40. Ne5 Qe7 41. Qxe7+ Kxe7 42. h4 Be8 43. Kg3 Kf6 44. f4 h6 45.
Nf3 Ba4 46. Kf2 Bd1 47. Ne5 g5 48. g3 gxh4 49. gxh4 Bg4 50. Ke3 Bh3 51. Kd2 Bg2
52. Kc3 Be4 53. Kb4 Bg2 54. Kc5 Be4 55. Kd6 Bg2 56. h5 Be4 57. Nd7+ Kf7 58. Ke5
Bf3 59. Nf6 Kg7 60. Kxf5 Kf7 61. Ke5 Kg7 62. f5 Kf7 63. Nxd5 Bxh5 64. Nf4 Bf3
65. d5 h5 66. d6 h4 67. Ne6 Ke8 68. f6 Bc6 69. Ng5 Bd7 70. f7+ Kf8 71. Kf6 Bf5
72. Kxf5 1-0

[Event "Detroit (RVO/3)"]
[Site "?"]
[Date "1990.??.??"]
[Round "?"]
[White "Skidmore, Mike"]
[Black "Choyke, J."]
[Result "1-0"]
[WhiteElo "1915"]
[BlackElo "1630"]
[PlyCount "71"]
[EventDate "1990.??.??"]

1. e4 d6 2. Nf3 Nf6 3. Nc3 g6 4. b3 Bg7 5. d3 O-O 6. Bb2 Bg4 7. Be2 c6 8. h3
Bxf3 9. Bxf3 e5 10. Qd2 Re8 11. O-O-O b5 12. Bg4 Qe7 13. f4 Qf8 14. Kb1 Nbd7
15. f5 a5 16. fxg6 hxg6 17. Rdf1 a4 18. Qg5 Nh7 19. Qh4 Bf6 20. Qg3 Qe7 21. h4
Ndf8 22. Qf3 axb3 23. cxb3 Ne6 24. Bxe6 Qxe6 25. g4 Bg7 26. g5 Kf8 27. h5 Nxg5
28. Qg3 Bf6 29. hxg6 fxg6 30. Qxg5 Ke7 31. Rh7+ Kd8 32. Rxf6 Qg8 33. Rxd6+ Kc8
34. Rxc6+ Kb8 35. Rb6+ Kc8 36. Qg4+ 1-0

[Event "Flint (Class B/2)"]
[Site "?"]
[Date "1990.??.??"]
[Round "?"]
[White "Skidmore, Jennifer"]
[Black "Steverson, Bunnard"]
[Result "0-1"]
[WhiteElo "1720"]
[BlackElo "1725"]
[PlyCount "84"]
[EventDate "1990.??.??"]

1. e4 c5 2. Nf3 d6 3. Bc4 Nf6 4. d3 e6 5. O-O Be7 6. Bg5 Nc6 7. c3 O-O 8. Nbd2
a6 9. d4 cxd4 10. cxd4 b5 11. Bb3 Bb7 12. Re1 Rc8 13. Bc2 Nb4 14. Bb1 Qc7 15.
Qe2 Nc2 16. Bxc2 Qxc2 17. e5 dxe5 18. dxe5 Nd5 19. Bxe7 Nxe7 20. Rab1 Qg6 21.
Qe3 Rc7 22. Qb6 Nd5 23. Qd4 Rd8 24. Qh4 Ne7 25. Qf4 Nf5 26. Ne4 Rc4 27. b3 Bxe4
28. Rxe4 Rc2 29. g4 Rxa2 30. Kf1 Ne7 31. Nh4 Qh6 32. Rd4 Nd5 33. Qxh6 gxh6 34.
Nf3 Rc8 35. Nd2 Rcc2 36. Ne4 Kg7 37. h4 Rcb2 38. Rxb2 Rxb2 39. Rd3 Nf4 40. Rd6
a5 41. Nf6 Rb1+ 42. Rd1 Rxd1# 0-1

[Event "Detroit (MOR/6/10)"]
[Site "?"]
[Date "1990.??.??"]
[Round "?"]
[White "Skidmore, Jennifer"]
[Black "Sobocinski, Mike"]
[Result "0-1"]
[WhiteElo "1670"]
[BlackElo "1780"]
[PlyCount "50"]
[EventDate "1990.??.??"]

{6/(10)} 1. e4 c6 2. d4 d5 3. e5 Bf5 4. Nd2 e6 5. Be2 Nd7 6. g4 Bg6 7. h4 h6 8.
f4 Be7 9. Ndf3 Be4 10. Be3 Qb6 11. Qc1 O-O-O 12. Rh3 f6 13. c4 Bb4+ 14. Kf2 Be7
15. Nd2 fxe5 16. dxe5 d4 17. Nxe4 dxe3+ 18. Kg2 Rf8 19. Kf3 Nxe5+ 20. Kg3 Ng6
21. Kh2 Rxf4 22. Rxe3 Rxe4 23. Rxe4 Qf2+ 24. Kh3 Bd6 25. Qe3 Qh2# 0-1

[Event "Lansing (MI Am/4/10)"]
[Site "?"]
[Date "1990.??.??"]
[Round "?"]
[White "Skidmore, Jennifer"]
[Black "Smith, Michael R"]
[Result "0-1"]
[WhiteElo "1715"]
[BlackElo "1925"]
[PlyCount "136"]
[EventDate "1990.??.??"]

{4/(10)} 1. e4 e6 2. d4 d5 3. e5 c5 4. c3 Nc6 5. Nf3 Qb6 6. Be2 cxd4 7. cxd4
Nge7 8. b3 Nf5 9. Bb2 Bb4+ 10. Kf1 Bd7 11. Nc3 Rc8 12. Na4 Qd8 13. a3 Be7 14.
g3 O-O 15. Kg2 f6 16. exf6 Bxf6 17. Nc5 Rc7 18. Bb5 Bc8 19. Rc1 Nb8 20. Re1 Re7
21. Bd3 b6 22. Bxf5 bxc5 23. Bg4 Na6 24. Ba1 Qb6 25. dxc5 Nxc5 26. b4 Ne4 27.
Re2 Bxa1 28. Rxa1 Nc3 29. Qd3 Nxe2 30. Qxe2 Ref7 31. Rc1 Rf6 32. Qe5 Bb7 33.
Nd4 Rxf2+ 34. Kh3 R2f6 35. Bxe6+ Kh8 36. Rc7 Ba6 37. Rf7 R6xf7 38. Bxf7 Bf1+
39. Kg4 Bg2 40. Nf5 Qf6 41. Qe6 Qxf7 42. Qxf7 Rxf7 43. Ne3 Be4 44. a4 Rf2 45.
h4 Ra2 46. a5 Rb2 47. Kf4 Rxb4 48. Ke5 Ra4 49. Nxd5 Bxd5 50. Kxd5 Rxa5+ 51. Kc4
Ra6 52. h5 Rb6 53. g4 Kg8 54. g5 Kf7 55. Kc5 Rb1 56. Kd6 a5 57. Ke5 a4 58. Kf5
Rf1+ 59. Ke4 a3 60. Ke3 a2 61. g6+ hxg6 62. hxg6+ Kxg6 63. Ke2 a1=Q 64. Kd3 Qa4
65. Ke3 Rb1 66. Kd3 Rb3+ 67. Kc2 Qa2+ 68. Kc1 Rb1# 0-1

[Event "Lansing (Jan)"]
[Site "?"]
[Date "1990.??.??"]
[Round "?"]
[White "Skidmore, Jennifer"]
[Black "Saulmon, Scott"]
[Result "1-0"]
[WhiteElo "1720"]
[BlackElo "1610"]
[PlyCount "189"]
[EventDate "1990.??.??"]

1. e4 d5 2. exd5 Nf6 3. Nf3 Nxd5 4. Bc4 Bg4 5. Nc3 Nxc3 6. Ne5 Qd4 7. Bxf7+ Kd8
8. Qxg4 Qxe5+ 9. Kf1 Nd5 10. d4 Qd6 11. c4 Nf6 12. Qh4 Nbd7 13. Be3 c6 14. Rd1
e6 15. Rd2 Be7 16. Bh5 Nxh5 17. Qxh5 Nf6 18. Qf3 Rf8 19. Bf4 Qb4 20. Qe2 Bd6
21. a3 Qa5 22. Bxd6 Re8 23. f3 Kd7 24. Bb4 Qf5 25. h3 a5 26. Bc3 Rf8 27. Kf2
Ne4+ 28. Ke1 Nxd2 29. Kxd2 b6 30. Rd1 Rad8 31. Ke1 Kc7 32. c5 Kb7 33. b4 axb4
34. Bxb4 b5 35. Qb2 Rd5 36. Bc3 Ra8 37. Ra1 Qf4 38. Qe2 Qf5 39. Qb2 Qd3 40. Rd1
Qe3+ 41. Kf1 e5 42. Re1 Qd3+ 43. Kg1 exd4 44. Bb4 Kc7 45. Qf2 g6 46. Qg3+ Kd7
47. Qh4 g5 48. Qh6 Qg6 49. Qxg6 hxg6 50. Re2 Re8 51. Rd2 d3 52. Kf2 Ke6 53. Ke3
Kf5+ 54. Kf2 Kf4 55. g3+ Kf5 56. Ba5 Ke6 57. Bb4 Kd7 58. Ba5 Re7 59. Bb4 Ke6
60. Ke3 Kf5+ 61. Kf2 Rh7 62. Kg2 g4 63. hxg4+ Kg5 64. Bc3 Rxc5 65. Rxd3 Rd5 66.
Re3 c5 67. Re6 Rf7 68. f4+ Kh6 69. g5+ Kh7 70. Rb6 c4 71. Re6 Ra7 72. Bb4 Rd3
73. Rc6 Rb7 74. Rc5 Rdd7 75. g4 Rd4 76. Kf3 Rdd7 77. f5 Rbc7 78. Rxc7 Rxc7 79.
Bc3 Rd7 80. Ke4 Rd3 81. Bb4 Kg7 82. Kf4 c3 83. Bxc3+ Rxc3 84. Ke5 Rg3 85. Ke6
Re3+ 86. Kd5 Rg3 87. Ke6 b4 88. Ke7 Rxg4 89. f6+ Kg8 90. f7+ Kh8 91. f8=Q+ Kh7
92. Qf7+ Kh8 93. Kf8 Rf4 94. Qxf4 b3 95. Qh4# 1-0

[Event "Flint (Class B/5)"]
[Site "?"]
[Date "1990.??.??"]
[Round "?"]
[White "Skidmore, Jennifer"]
[Black "Rostrom, Richard"]
[Result "1/2-1/2"]
[WhiteElo "1720"]
[BlackElo "1720"]
[PlyCount "52"]
[EventDate "1990.??.??"]

1. e4 c6 2. d4 d5 3. exd5 cxd5 4. c3 Nf6 5. Nf3 Bf5 6. Bb5+ Nbd7 7. Qb3 e6 8.
Ne5 Qc8 9. Bg5 a6 10. Bxf6 axb5 11. Nxd7 Qxd7 12. Be5 Bd3 13. Qd1 Bg6 14. O-O
f6 15. Bf4 Bd6 16. Bxd6 Qxd6 17. Qe2 Qc6 18. Re1 Bf7 19. Nd2 O-O 20. Nf3 Qc4
21. a3 Rfe8 22. Qe3 Bg6 23. Nd2 Qd3 24. Nb3 b6 25. Qf4 Qc2 26. Nd2 Qxb2 1/2-1/2

[Event "Lansing (MI Am/3/25)"]
[Site "?"]
[Date "1990.??.??"]
[Round "?"]
[White "Skidmore, Jennifer"]
[Black "Rosebrook, G."]
[Result "1-0"]
[WhiteElo "1710"]
[BlackElo "1605"]
[PlyCount "71"]
[EventDate "1990.??.??"]

{3/(25)} 1. e4 c5 2. c3 Nc6 3. d4 cxd4 4. cxd4 e6 5. Nf3 Nf6 6. Nc3 h6 7. Bc4
Nxe4 8. Nxe4 d5 9. Bxd5 exd5 10. Nc3 Be7 11. O-O O-O 12. Qb3 Rb8 13. Nxd5 Be6
14. Nxe7+ Nxe7 15. Qa4 a6 16. Bf4 Bd7 17. Qb3 Be6 18. Qd3 Rc8 19. Rfe1 Bf5 20.
Qb3 Nd5 21. Bg3 Nb6 22. Qb4 Rc4 23. Qe7 Qc8 24. b3 Rc6 25. Bd6 Nd5 26. Qxf8+
Qxf8 27. Bxf8 Kxf8 28. Rac1 Rb6 29. Re5 Be6 30. Rc5 Nb4 31. Re2 Nd3 32. Rc7 Nf4
33. Re1 Nd5 34. Rc5 Nf4 35. Rc2 Bd5 36. Rc8# 1-0

[Event "Flint (Class B/1)"]
[Site "?"]
[Date "1990.??.??"]
[Round "?"]
[White "Skidmore, Jennifer"]
[Black "McCarter, Robert"]
[Result "1-0"]
[WhiteElo "1720"]
[BlackElo "1705"]
[PlyCount "65"]
[EventDate "1990.??.??"]

1. e4 c5 2. Nf3 Nc6 3. Bc4 e6 4. c3 d5 5. exd5 exd5 6. Qe2+ Nge7 7. Bb5 a6 8.
Ba4 b5 9. Bc2 g6 10. O-O Bg7 11. d3 O-O 12. Bg5 Qd6 13. d4 cxd4 14. cxd4 Bg4
15. Re1 Bxf3 16. Qxf3 Nxd4 17. Qd3 Nec6 18. Nc3 Rfe8 19. Bb3 Nxb3 20. axb3 d4
21. Ne4 Qd5 22. Nf6+ Bxf6 23. Bxf6 Qd6 24. Bg5 Nb4 25. Qd2 d3 26. Rac1 Rxe1+
27. Rxe1 Rc8 28. Be7 Qd5 29. Bxb4 h5 30. h3 Rc2 31. Qh6 Qd8 32. Bc3 Qf8 33.
Qh8# 1-0

[Event "Lansing (Mini-Swiss.4/2)"]
[Site "?"]
[Date "1990.??.??"]
[Round "?"]
[White "Skidmore, Jennifer"]
[Black "McCarter, Robert"]
[Result "1-0"]
[WhiteElo "1650"]
[BlackElo "1715"]
[PlyCount "43"]
[EventDate "1990.??.??"]

{4/(2)} 1. e4 c5 2. c3 Nc6 3. d4 e6 4. Nf3 d6 5. Bb5 Bd7 6. O-O a6 7. Ba4 b5 8.
Bc2 Qc7 9. Bf4 cxd4 10. cxd4 g6 11. Bb3 Bg7 12. Nc3 Nge7 13. Rc1 Qb8 14. d5 Na5
15. dxe6 Nxb3 16. exd7+ Kxd7 17. axb3 Rd8 18. e5 Ke8 19. exd6 Qb7 20. Re1 b4
21. Nd5 Bf8 22. Nc7+ 1-0

[Event "Detroit (MOR/2/25)"]
[Site "?"]
[Date "1990.??.??"]
[Round "?"]
[White "Skidmore, Jennifer"]
[Black "Fletcher, G."]
[Result "1-0"]
[WhiteElo "1670"]
[BlackElo "1605"]
[PlyCount "57"]
[EventDate "1990.??.??"]

{2/(25)} 1. e4 e5 2. Nf3 Nc6 3. Bb5 a6 4. Ba4 Nf6 5. d3 b5 6. Bb3 Na5 7. Nxe5
Nxb3 8. axb3 d5 9. exd5 Qxd5 10. Nf3 Bg4 11. O-O Bxf3 12. Qxf3 Qxf3 13. gxf3
O-O-O 14. Rxa6 Kb7 15. Ra5 Kb6 16. Ra2 g5 17. Be3+ c5 18. Nc3 Rg8 19. Rfa1 Be7
20. Ra6+ Kc7 21. Ra7+ Kb8 22. Rxe7 Nd7 23. Nxb5 g4 24. Bf4+ Kb7 25. Ra7+ Kc6
26. c4 gxf3+ 27. Kf1 Rg4 28. Bg3 Nb6 29. Rac7# 1-0

[Event "Detroit (MOR/5/15)"]
[Site "?"]
[Date "1990.??.??"]
[Round "?"]
[White "Skidmore, Jennifer"]
[Black "Cannon, Gregory"]
[Result "1/2-1/2"]
[WhiteElo "1670"]
[BlackElo "1605"]
[PlyCount "108"]
[EventDate "1990.??.??"]

{5/(15)} 1. e4 c5 2. Nc3 d6 3. f4 Nf6 4. Nf3 Bg4 5. h3 Bxf3 6. Qxf3 Qc7 7. Bb5+
Nc6 8. d3 a6 9. Bxc6+ Qxc6 10. O-O e6 11. g4 b5 12. g5 Nd7 13. Ne2 Be7 14. Be3
f6 15. Qg4 d5 16. Ng3 dxe4 17. dxe4 g6 18. f5 e5 19. fxg6 hxg6 20. gxf6 Nxf6
21. Qxg6+ Kd7 22. Qf5+ Kc7 23. Qxe5+ Qd6 24. Qxd6+ Bxd6 25. Rxf6 Bxg3 26. Bf4+
Bxf4 27. Rxf4 Rxh3 28. Kg2 Rah8 29. e5 Kd7 30. Rf6 Re3 31. Rd1+ Ke7 32. Rxa6
Rxe5 33. Ra7+ Kf6 34. Rd6+ Kf5 35. Rf7+ Ke4 36. Rg7 Rhh5 37. Rb6 Rhg5+ 38. Rxg5
Rxg5+ 39. Kf2 b4 40. a4 bxa3 41. bxa3 c4 42. Ra6 Kd4 43. a4 Kc3 44. a5 Kxc2 45.
Ra8 Rc5 46. a6 c3 47. a7 Ra5 48. Ke3 Ra3 49. Ke2 Kc1 50. Kf2 Ra2+ 51. Ke3 c2
52. Ke2 Ra3 53. Kf2 Ra2 54. Ke2 Ra4 1/2-1/2

[Event "Flint (Class C/4)"]
[Site "?"]
[Date "1990.??.??"]
[Round "?"]
[White "Sivak, D."]
[Black "Jensen, D."]
[Result "0-1"]
[WhiteElo "1605"]
[BlackElo "1605"]
[PlyCount "58"]
[EventDate "1990.??.??"]

1. d4 Nf6 2. c4 g6 3. Nc3 Bg7 4. e4 d6 5. f3 O-O 6. Be3 b6 7. Nge2 Bb7 8. d5
Nbd7 9. b4 c5 10. bxc5 Nxc5 11. Bxc5 bxc5 12. Rb1 Qd7 13. Nc1 Rfb8 14. Nb3 Ne8
15. Qd2 Bc8 16. Bd3 Nc7 17. h4 h5 18. Rg1 e6 19. g4 Qe7 20. g5 exd5 21. Nxd5
Nxd5 22. cxd5 Qe5 23. Ke2 Rxb3 24. f4 Rxb1 25. fxe5 Rxg1 26. Kf2 Rh1 27. Kg2
Rh3 28. exd6 Be5 29. Ba6 Rh2+ 0-1

[Event "Flint (Class C/2)"]
[Site "?"]
[Date "1990.??.??"]
[Round "?"]
[White "Sivak, D."]
[Black "Collins, Devontia"]
[Result "0-1"]
[WhiteElo "1605"]
[BlackElo "1605"]
[PlyCount "80"]
[EventDate "1990.??.??"]

1. d4 g6 2. e4 d6 3. Nf3 Bg7 4. Nc3 Nf6 5. Bc4 O-O 6. O-O Nbd7 7. Re1 e5 8. Bg5
exd4 9. Nxd4 Ne5 10. Bd3 Nxd3 11. cxd3 h6 12. Be3 Ng4 13. Nf3 Nxe3 14. Rxe3 Bg4
15. Qb3 b6 16. Rc1 h5 17. h4 Bxf3 18. Rxf3 Qxh4 19. Nb5 Be5 20. Rh3 Qf4 21.
Rxc7 Qd2 22. g3 Rac8 23. Rc4 a6 24. Na7 Rxc4 25. Qxc4 Qxb2 26. Nc6 Qb5 27. Qxb5
axb5 28. Kg2 Kg7 29. Rh1 Ra8 30. Rb1 Rxa2 31. d4 Bf6 32. e5 dxe5 33. dxe5 Bg5
34. Rxb5 Be3 35. Kf3 Bxf2 36. Ne7 h4 37. e6 fxe6 38. Rg5 hxg3 39. Rxg6+ Kf7 40.
Kg4 Kxe7 0-1

[Event "Flint (Class DEU/1)"]
[Site "?"]
[Date "1990.??.??"]
[Round "?"]
[White "Simerson, M."]
[Black "Thibeault, T."]
[Result "1/2-1/2"]
[WhiteElo "1605"]
[BlackElo "1605"]
[PlyCount "54"]
[EventDate "1990.??.??"]

1. d4 d5 2. c4 e6 3. Nc3 Nf6 4. Bg5 Nc6 5. Nf3 Bb4 6. a3 Bxc3+ 7. bxc3 O-O 8.
cxd5 exd5 9. e3 Be6 10. Rb1 b6 11. Ba6 Qd6 12. Bxf6 gxf6 13. Bd3 Qxa3 14. Rc1
Na5 15. Bc2 Qxc3+ 16. Nd2 Qb4 17. Qh5 f5 18. g4 Nc4 19. Rd1 Qc3 20. Qg5+ Kh8
21. Qf6+ Kg8 22. Rg1 fxg4 23. Qg5+ Kh8 24. Qf6+ Kg8 25. Qg5+ Kh8 26. Qf6+ Kg8
27. Qg5+ Kh8 1/2-1/2

[Event "Flint (Class DEU/4)"]
[Site "?"]
[Date "1990.??.??"]
[Round "?"]
[White "Simerson, M."]
[Black "Smeckert, Dennis"]
[Result "0-1"]
[WhiteElo "1605"]
[BlackElo "1605"]
[PlyCount "56"]
[EventDate "1990.??.??"]

1. d4 d5 2. c4 e6 3. Nc3 Nf6 4. Bg5 Be7 5. e3 a6 6. Bd3 dxc4 7. Bxc4 b5 8. Qf3
c6 9. Bd3 Qa5 10. Ke2 b4 11. Nd1 Qxg5 12. h3 Qd5 13. Qg3 Bb7 14. b3 O-O 15. Nb2
c5 16. Rd1 Ne4 17. Bxe4 Qxe4 18. Nf3 Nc6 19. Rd2 Rad8 20. Rhd1 Nxd4+ 21. Nxd4
cxd4 22. Rxd4 Rxd4 23. f3 Qc2+ 24. Ke1 Rxd1+ 25. Nxd1 Rd8 26. Nb2 Qc1+ 27. Nd1
Rxd1+ 28. Kf2 Qd2# 0-1

[Event "Flint (Class DEU/3)"]
[Site "?"]
[Date "1990.??.??"]
[Round "?"]
[White "Simerson, M."]
[Black "Hogaboom, L."]
[Result "1-0"]
[WhiteElo "1605"]
[BlackElo "1665"]
[PlyCount "85"]
[EventDate "1990.??.??"]

1. d4 d5 2. c4 Nf6 3. Nc3 e6 4. Bg5 b6 5. e3 Be7 6. Bxf6 Bxf6 7. cxd5 exd5 8.
Rc1 O-O 9. Bd3 Re8 10. Qh5 g6 11. Qxd5 Qxd5 12. Nxd5 Bd8 13. Nxc7 Bxc7 14. Rxc7
Na6 15. Rxc8 Raxc8 16. Bxa6 Rc2 17. Ne2 Rxb2 18. Nc1 Re7 19. Bc4 Rc7 20. Bxf7+
Kxf7 21. O-O Rbc2 22. Nb3 Rxa2 23. g3 a5 24. Rb1 Rac2 25. d5 Ke7 26. Kg2 a4 27.
Na1 Rd2 28. Rxb6 a3 29. d6+ Kd7 30. dxc7 Kxc7 31. Ra6 a2 32. Nb3 Rb2 33. Nc1
Kb7 34. Rxa2 Rb1 35. Nd3 Kc6 36. Kf3 Rb5 37. g4 Kd7 38. Ra7+ Kd6 39. Rxh7 Ke6
40. Nf4+ Kf6 41. Rh6 Kg5 42. Rxg6+ Kh4 43. Ng2+ 1-0

[Event "Flint (Class DEU/3)"]
[Site "?"]
[Date "1990.??.??"]
[Round "?"]
[White "Short, T."]
[Black "Wahowiak, D."]
[Result "0-1"]
[WhiteElo "1605"]
[BlackElo "1605"]
[PlyCount "116"]
[EventDate "1990.??.??"]

1. e4 e6 2. d4 d5 3. e5 c5 4. Bb5+ Bd7 5. Bxd7+ Qxd7 6. Nf3 Nc6 7. c3 cxd4 8.
cxd4 Nge7 9. O-O g6 10. Bg5 Bg7 11. Bf6 Bxf6 12. exf6 Nf5 13. g4 Nd6 14. Ne5
Nxe5 15. dxe5 Nc4 16. Qe2 h5 17. g5 h4 18. b3 Nb6 19. Nc3 a6 20. a4 O-O-O 21.
Rac1 Kb8 22. f4 h3 23. Rf3 Rh4 24. Qf2 Rg4+ 25. Rg3 Rxg3+ 26. hxg3 Nc8 27. Qd4
Na7 28. Qb6 Rc8 29. Qd6+ Qxd6 30. exd6 Rd8 31. Kh2 Rxd6 32. Kxh3 Rb6 33. Rb1
Nc6 34. a5 Nxa5 35. Na4 Rxb3 36. Rxb3 Nxb3 37. Nb6 Kc7 38. Na8+ Kc6 39. Kg4 a5
40. f5 exf5+ 41. Kf4 a4 42. Ke5 a3 43. Nb6 Kxb6 44. Kxd5 a2 45. Kd6 a1=Q 46.
Ke7 Nc5 47. Kxf7 Qe5 48. Kxg6 Qe8+ 49. Kxf5 Nd7 50. g4 Qf7 51. Kf4 Nxf6 52.
gxf6 Qxf6+ 53. Kg3 Qg5 54. Kh3 Kc5 55. Kg3 Kd4 56. Kh3 Ke4 57. Kg3 b5 58. Kh3
Kf3 0-1

[Event "Detroit (MOR/6/47)"]
[Site "?"]
[Date "1990.??.??"]
[Round "?"]
[White "Short, T."]
[Black "Stinson, Darlene"]
[Result "0-1"]
[WhiteElo "1605"]
[BlackElo "1605"]
[PlyCount "134"]
[EventDate "1990.??.??"]

{6/(47)} 1. e4 e5 2. Nf3 Nf6 3. d3 Nc6 4. Be2 Bc5 5. h3 d6 6. O-O h6 7. Nc3 O-O
8. Nh2 Nh7 9. Kh1 f5 10. exf5 Bxf5 11. Bg4 Bg6 12. Be6+ Kh8 13. Ng4 Bh5 14. f3
Ng5 15. Bd5 Rb8 16. Ne4 Bb6 17. Nh2 Nd4 18. Nxg5 hxg5 19. g4 Bg6 20. c3 Nc6 21.
Kg2 Ne7 22. Be4 d5 23. Bxg6 Nxg6 24. Qd2 Nf4+ 25. Kg3 Qf6 26. Qd1 Qh6 27. Bxf4
Qh4+ 28. Kg2 exf4 29. Rg1 Qg3+ 30. Kh1 Bxg1 31. Qxg1 Qxg1+ 32. Kxg1 Rbe8 33.
Kf2 Re3 34. Re1 Rfe8 35. Rxe3 Rxe3 36. Nf1 Re6 37. d4 b6 38. Nd2 Kg8 39. c4 Rd6
40. c5 bxc5 41. dxc5 Re6 42. b4 c6 43. a4 a6 44. Nb3 Kf8 45. Nd4 Rh6 46. Kg2
Ke7 47. Nf5+ Kf6 48. Nxh6 gxh6 49. Kf2 Ke7 50. b5 cxb5 51. axb5 axb5 52. c6 Kd6
53. Ke2 Kxc6 54. Kd3 Kc5 55. Kc3 b4+ 56. Kd3 d4 57. Ke4 Kc4 58. Kf5 b3 59. Kg6
b2 60. Kxh6 b1=Q 61. Kxg5 d3 62. h4 d2 63. h5 d1=Q 64. h6 Qb5+ 65. Kxf4 Qd4+
66. Kg3 Qbe5+ 67. Kh4 Qf2+ 0-1

[Event "Flint (Class DEU/2)"]
[Site "?"]
[Date "1990.??.??"]
[Round "?"]
[White "Short, T."]
[Black "Smeckert, Dennis"]
[Result "0-1"]
[WhiteElo "1605"]
[BlackElo "1605"]
[PlyCount "114"]
[EventDate "1990.??.??"]

1. d4 d5 2. Nc3 e6 3. Nf3 Nf6 4. Bg5 h6 5. Bh4 Be7 6. e3 a6 7. Be2 Qd6 8. a3
Bd7 9. Bg3 Qb6 10. Qc1 c5 11. Bxb8 Rxb8 12. O-O O-O 13. b3 Qc7 14. Ne5 cxd4 15.
Nxd7 Nxd7 16. Nd1 Rbc8 17. Bd3 dxe3 18. Nxe3 Ne5 19. Be2 d4 20. Nc4 Nxc4 21.
Bxc4 Bg5 22. f4 Bf6 23. Rb1 Qc5 24. Kh1 Be7 25. Qd2 Rfd8 26. Qd3 b5 27. b4 bxc4
28. bxc5 cxd3 29. cxd3 Rxc5 30. g3 Ra5 31. Rb7 Bxa3 32. Ra1 Rdd5 33. Kg2 Bf8
34. Rxa5 Rxa5 35. Kf3 Ba3 36. g4 Bc1 37. Rd7 Be3 38. h4 Ra2 39. Ke4 a5 40. f5
exf5+ 41. gxf5 f6 42. Kd5 a4 43. Ke6 h5 44. Rd8+ Kh7 45. Kf7 a3 46. Rg8 Rg2 47.
Ra8 Bc1 48. Ra4 Bb2 49. Ra7 Rg3 50. Kf8 Kh6 51. Kf7 Rg4 52. Ra8 Rxh4 53. Rh8+
Kg5 54. Kxg7 a2 55. Rh6 Kxf5 56. Rxf6+ Kg4 57. Rg6+ Kh3 0-1

[Event "Detroit (MOR/3/56)"]
[Site "?"]
[Date "1990.??.??"]
[Round "?"]
[White "Short, T."]
[Black "Mikus, R."]
[Result "0-1"]
[WhiteElo "1605"]
[BlackElo "1605"]
[PlyCount "80"]
[EventDate "1990.??.??"]

{3/(56)} 1. e4 c5 2. Nf3 Nc6 3. Bc4 Nf6 4. d3 e6 5. O-O Be7 6. h3 O-O 7. g4 h6
8. c3 d5 9. exd5 exd5 10. Bb5 Bd7 11. Kg2 Bd6 12. c4 Ne5 13. Nxe5 Bxe5 14. f4
Bd4 15. Nc3 Re8 16. g5 hxg5 17. fxg5 Nh7 18. h4 g6 19. Nxd5 Bxb5 20. Nf6+ Nxf6
21. cxb5 Qd5+ 22. Qf3 Re2+ 23. Kh1 Qxf3+ 24. Rxf3 Ng4 25. Bf4 Nf2+ 26. Kg2
Nxd3+ 27. Kg3 Nxf4 28. Kxf4 Rxb2 29. a4 Rxb5 30. Ra2 Rb4 31. Ke4 Re8+ 32. Kd5
Re5+ 33. Kd6 Rb6+ 34. Kd7 Kf8 35. Kc7 Re7+ 36. Kb8 Rc6 37. Kxa7 c4+ 38. Kb8 Ke8
39. a5 Kd8 40. a6 Rc8# 0-1